00470nam a2200157Ia 450000500170000000800410001708200130005810000150007124500350008626000400012130000130016165000180017494200060019295200990019899900150029720250508045718.0240331s9999 xx 000 0 und d bBENa891 aBennett, G 0aAthaiyum thandi punithamanathu aChennaibSree Gomathi Achagamc1993 a190 p ., aShort Stories cL 001040708LaWERCLbWERCLcSSCd2024-03-31l0o 894.811 BENp4004r2024-03-31w2024-03-31yL c4305d4305